Physical geology

Physical Geology, 12th edition, is the latest refinement of a classic introductory text that has helped countless students learn basic physical geology concepts for over 25 years. Students taking introductory physical geology to fulfill a science elective, as well as those contemplating a career in...

Cur síos iomlán

Đã lưu trong:
Sonraí Bibleagrafaíochta
Príomhúdar: Plummer, Charles C.
Formáid: Leabhar
Teanga:Undetermined
Foilsithe: New York McGraw-Hill 2008
Ábhair:
Clibeanna: Cuir Clib Leis
Gan Chlibeanna, Bí ar an gcéad duine leis an taifead seo a chlibeáil!
Thư viện lưu trữ: Trung tâm Học liệu Trường Đại học Cần Thơ
LEADER 01216nam a2200205Ia 4500
001 CTU_132365
008 210402s9999 xx 000 0 und d
020 |c 631000 
082 |a 550 
082 |b P735 
100 |a Plummer, Charles C. 
245 0 |a Physical geology 
245 0 |c Charles C. Plummer 
260 |a New York 
260 |b McGraw-Hill 
260 |c 2008 
520 |a Physical Geology, 12th edition, is the latest refinement of a classic introductory text that has helped countless students learn basic physical geology concepts for over 25 years. Students taking introductory physical geology to fulfill a science elective, as well as those contemplating a career in geology, will appreciate the accessible writing style and depth of coverage in Physical Geology. Hundreds of carefully rendered illustrations and accompanying photographs correlate perfectly with the chapter descriptions to help readers quickly grasp new geologic concepts. Numerous chapter learning tools and a rich ARIS website further assist students in their study of physical geology. 
650 |a Physical geology,Khoa học địa chất 
904 |i Chuyen 
980 |a Trung tâm Học liệu Trường Đại học Cần Thơ